Faculty of Law Library — Cairo University

Official Online Catalog

La Belgique Criminelle / (Record no. 74393)

MARC details
000 -LEADER
fixed length control field 00999nam a2200325 i 4500
003 - CONTROL NUMBER IDENTIFIER
control field EG-GICUC
005 - DATE AND TIME OF LATEST TRANSACTION
control field 20260430085124.0
008 - FIXED-LENGTH DATA ELEMENTS--GENERAL INFORMATION
fixed length control field 260430s1907 fr ||||f||||| 001 0bfre d
040 ## - CATALOGING SOURCE
Original cataloging agency EG-GiCUC
Language of cataloging fre
Transcribing agency EG-GiCUC
Modifying agency EG-GiCUC
Description conventions Rda
041 0# - LANGUAGE CODE
Language code of text/sound track or separate title fre
082 04 - DEWEY DECIMAL CLASSIFICATION NUMBER
Edition number 21
Classification number 343.60493
Item number JO . B
092 04 - LOCALLY ASSIGNED DEWEY CALL NUMBER (OCLC)
Edition number 21
099 ## - LOCAL FREE-TEXT CALL NUMBER (OCLC)
Classification number Law 10 343.60493 JO . B 1907 1011035 C1
100 1# - MAIN ENTRY--PERSONAL NAME
Personal name Joly, Henri
Relator term Auteur
245 13 - TITLE STATEMENT
Title La Belgique Criminelle /
Statement of responsibility, etc. Par Henri Joly
264 #1 - PRODUCTION, PUBLICATION, DISTRIBUTION, MANUFACTURE, AND COPYRIGHT NOTICE
Place of production, publication, distribution, manufacture paris :
Name of producer, publisher, distributor, manufacturer Librairie Victor Lecoffre,
Date of production, publication, distribution, manufacture, or copyright notice 1907.
300 ## - PHYSICAL DESCRIPTION
Extent 362 page ;
Dimensions 24 cm.
336 ## - CONTENT TYPE
Source rda contenu
Content type term texte
337 ## - MEDIA TYPE
Source rda medias
Media type term Ordinateur
338 ## - CARRIER TYPE
Source transporteur rda
Carrier type term Ressource en ligne
500 ## - GENERAL NOTE
General note <br/>
504 ## - BIBLIOGRAPHY, ETC. NOTE
Bibliography, etc. note comprend des références bibliographiques.<br/>
546 ## - LANGUAGE NOTE
Language note Texte en français
650 14 - SUBJECT ADDED ENTRY--TOPICAL TERM
Topical term or geographic name entry element Droit pénal
650 14 - SUBJECT ADDED ENTRY--TOPICAL TERM
Topical term or geographic name entry element Criminologie
651 14 - SUBJECT ADDED ENTRY--GEOGRAPHIC NAME
Geographic name Belgique
General subdivision Criminologie
856 40 - ELECTRONIC LOCATION AND ACCESS
Uniform Resource Identifier <a href="https://fll.law.cu.edu.eg/fulltext/bks/B10-11035.pdf">https://fll.law.cu.edu.eg/fulltext/bks/B10-11035.pdf</a>
905 ## - Cataloger and Reviser Names
Cataloger Name: Mohamed Yosri
942 ## - ADDED ENTRY ELEMENTS (KOHA)
Source of classification or shelving scheme Dewey Decimal Classification
Koha item type Books
Edition 21
Suppress in OPAC No
Holdings
Withdrawn status Lost status Source of classification or shelving scheme Damaged status Not for loan Collection Home library Current library Date acquired Total checkouts Full call number Barcode Date last seen Copy number Price effective from Koha item type
    Dewey Decimal Classification   Not for loan القانون الجنائي جــــامعة القــاهرة مكتبة كلية الحقوق - المبنى الرئيسي 30.04.2026   Law 10 343.60493 JO . B 1907 1011035 C1 B10-11035 30.04.2026 1 30.04.2026 Books

© All rights reserved — Faculty of Law, Cairo University